MyGZULibrary

Continuity & change : (Record no. 8691)

MARC details
000 -LEADER
fixed length control field 01152cam a2200325 a 4500
001 - CONTROL NUMBER
control field 1211846
003 - CONTROL NUMBER IDENTIFIER
control field GZU
005 - DATE AND TIME OF LATEST TRANSACTION
control field 20210524095035.0
008 - FIXED-LENGTH DATA ELEMENTS--GENERAL INFORMATION
fixed length control field 981210s1997 rh a b 001 0 eng
010 ## - LIBRARY OF CONGRESS CONTROL NUMBER
LC control number 98982445
020 ## - INTERNATIONAL STANDARD BOOK NUMBER
International Standard Book Number 0797417915
040 ## - CATALOGING SOURCE
Original cataloging agency DLC
Transcribing agency DLC
Modifying agency DLC
042 ## - AUTHENTICATION CODE
Authentication code lcode
043 ## - GEOGRAPHIC AREA CODE
Geographic area code f-rh---
050 00 - LIBRARY OF CONGRESS CALL NUMBER
Classification number HQ693.5 CON 1997
Item number .C66 1997
082 00 - DEWEY DECIMAL CLASSIFICATION NUMBER
Classification number 306.85/096891
Edition number 21
245 00 - TITLE STATEMENT
Title Continuity & change :
Remainder of title the family in Zimbabwe /
Statement of responsibility, etc. Welshman Ncube ... [et al.].
246 3# - VARYING FORM OF TITLE
Title proper/short title Continuity and change :
Remainder of title the family in Zimbabwe
260 ## - PUBLICATION, DISTRIBUTION, ETC.
Place of publication, distribution, etc. Harare, Zimbabwe :
Name of publisher, distributor, etc. Women and Law in Southern Africa Research Project,
Date of publication, distribution, etc. 1997.
300 ## - PHYSICAL DESCRIPTION
Extent 192 p. :
Other physical details ill. ;
Dimensions 21 cm.
500 ## - GENERAL NOTE
General note Includes references
504 ## - BIBLIOGRAPHY, ETC. NOTE
Bibliography, etc. note Includes bibliographical references (p. 188-189) and index.
650 #0 - SUBJECT ADDED ENTRY--TOPICAL TERM
Topical term or geographic name entry element Families
Geographic subdivision Zimbabwe.
650 #0 - SUBJECT ADDED ENTRY--TOPICAL TERM
Topical term or geographic name entry element Family policy
Geographic subdivision Zimbabwe.
700 1# - ADDED ENTRY--PERSONAL NAME
Personal name Ncube, Welshman.
710 2# - ADDED ENTRY--CORPORATE NAME
Corporate name or jurisdiction name as entry element Women and Law in Southern Africa Research Project.
906 ## - LOCAL DATA ELEMENT F, LDF (RLIN)
a 7
b cbc
c origode
d 2
e ncip
f 19
g y-gencatlg
942 ## - ADDED ENTRY ELEMENTS (KOHA)
Source of classification or shelving scheme Library of Congress Classification
Koha item type Books
Classification part 693.5
Item part CON
Call number prefix HQ
Holdings
Withdrawn status Lost status Damaged status Not for loan Collection code Home library Current library Shelving location Date acquired Total Checkouts Full call number Barcode Date last seen Date last checked out Copy number Price effective from Koha item type
        Non-fiction Law Library City Campus Library General Stacks 05/24/2021 1 HQ693.5 CON 1997 004568 11/05/2021 11/05/2021 c.1 05/24/2021 Books